000 00734cab a2200229 4500
001 ABS48635
008 090401t1993 xxu||||| |||| 00| 0 eng d
035 _a(Sirsi) u67689
041 _aeng
100 _aJenkins, D.
245 _aExpert system shells: a retrospective
260 _c1993
350 _a0
490 _aJournal of Property Valuation and Investment
_v11(3), 1993, 283-291(9)
520 _aDraws some conclusions from the development and use of several valuation systems built with expert system shells. References.
650 _aEXPERT SYSTEMS
650 _aValuation
_96273
690 _aMANAGEMENT-BUSINESS MANAGEMENT-INFORMATION MANAGEMENT
700 _aGronow, S.
942 _n0
948 _c04/03/1997
999 _c42377
_d42377